[Event "Quebec-ch qual. 1"]
[Site "Montreal CAN"]
[Date "2006.05.06"]
[Round "2"]
[White "Roy, Myriam"]
[Black "Brunet, Guy"]
[Result "1-0"]
[WhiteElo "1668"]
[BlackElo "1473"]
[PlyCount "21"]
[EventDate "2006.05.05"]
[EventType "swiss"]
[EventRounds "5"]
[EventCountry "CAN"]

1. e4 d5 2. exd5 Qxd5 3. Nc3 Qa5 4. d4 Nf6 5. Bc4 Bf5 6. Bd2 c6 7. Nf3 e6 8. d5
cxd5 9. Nxd5 Qd8 10. Nxf6+ Qxf6 11. Bg5 1-0

[Event "Quebec-ch qual. 1"]
[Site "Montreal CAN"]
[Date "2006.05.06"]
[Round "2"]
[White "Sicotte, Marc"]
[Black "Arsenault, Nicolas"]
[Result "1-0"]
[WhiteElo "1960"]
[BlackElo "2095"]
[PlyCount "119"]
[EventDate "2006.05.05"]
[EventType "swiss"]
[EventRounds "5"]
[EventCountry "CAN"]

1. d4 Nf6 2. c4 g6 3. Nc3 Bg7 4. e4 d6 5. Nf3 O-O 6. Be2 e5 7. O-O Nc6 8. d5
Ne7 9. Ne1 Nd7 10. Nd3 f5 11. Bd2 Nf6 12. f3 f4 13. g4 g5 14. Rc1 h5 15. h3
hxg4 16. hxg4 Ng6 17. c5 Rf7 18. Qb3 Bf8 19. cxd6 Bxd6 20. Kf2 Qf8 21. Rg1 Rh7
22. Rh1 Rh4 23. Rxh4 Nxh4 24. Rg1 b6 25. Nb5 Bd7 26. Nxc7 Bxc7 27. d6+ Kg7 28.
dxc7 Qd6 29. Qc3 Ng6 30. Qb4 Qxc7 31. Rc1 Qb8 32. Bc3 Qh8 33. Rg1 Qh4+ 34. Kf1
Qh3+ 35. Ke1 Qh2 36. Rf1 Qg3+ 37. Kd1 Rd8 38. Kc2 Qg2 39. Re1 Re8 40. Qd6 Re6
41. Qb8 Nxg4 42. Qxa7 Re7 43. Qb8 Ne3+ 44. Kb1 Nc4 45. b3 Na3+ 46. Kc1 Nb5 47.
Bb2 Nd4 48. Bd1 Nxf3 49. Bxf3 Qxf3 50. Nxe5 Nxe5 51. Bxe5+ Rxe5 52. Qxe5+ Kf7
53. Qc7 Ke8 54. Qe5+ Kf7 55. Qd4 Be6 56. Kb2 g4 57. Rc1 Kg6 58. Qe5 Qe2+ 59.
Rc2 Qxc2+ 60. Kxc2 1-0

[Event "Quebec-ch qual. 1"]
[Site "Montreal CAN"]
[Date "2006.05.06"]
[Round "2"]
[White "Solar, Dariusz"]
[Black "Rondon, Luciano"]
[Result "1/2-1/2"]
[WhiteElo "1783"]
[BlackElo "1913"]
[PlyCount "59"]
[EventDate "2006.05.05"]
[EventType "swiss"]
[EventRounds "5"]
[EventCountry "CAN"]

1. e4 c5 2. Nf3 d6 3. d4 cxd4 4. Qxd4 Nc6 5. Bb5 Bd7 6. Bxc6 Bxc6 7. Nc3 Nf6 8.
Bg5 e6 9. O-O-O Be7 10. Qd3 a6 11. Nd4 Qc7 12. Bxf6 gxf6 13. f4 O-O-O 14. Nxc6
Qxc6 15. Kb1 Kb8 16. Ne2 d5 17. e5 Rc8 18. Nd4 Qc7 19. Rhe1 Bc5 20. Re2 Bxd4
21. Qxd4 Qc4 22. Red2 f5 23. Qxc4 Rxc4 24. Rd4 Rc6 25. c3 Rg8 26. R1d2 h5 27.
Kc2 h4 28. Kd3 Rg4 29. Rf2 Rc8 30. Ke2 1/2-1/2

[Event "Quebec-ch qual. 1"]
[Site "Montreal CAN"]
[Date "2006.05.06"]
[Round "3"]
[White "Arsenault, Nicolas"]
[Black "Cloutier, Mathieu"]
[Result "1/2-1/2"]
[WhiteElo "2095"]
[BlackElo "2043"]
[PlyCount "60"]
[EventDate "2006.05.05"]
[EventType "swiss"]
[EventRounds "5"]
[EventCountry "CAN"]

1. e4 c6 2. d4 d5 3. e5 Bf5 4. h4 h6 5. g4 Be4 6. f3 Bh7 7. e6 fxe6 8. Bd3 Bxd3
9. Qxd3 Qd7 10. Qg6+ Kd8 11. Ne2 Nf6 12. Nf4 Na6 13. Kf2 Nc7 14. Re1 Qe8 15.
Qd3 g5 16. Ng6 Ne4+ 17. fxe4 Qxg6 18. h5 dxe4 19. Qxe4 Qxe4 20. Rxe4 Bg7 21. c3
Kd7 22. Na3 Rhf8+ 23. Kg2 Rf7 24. Bd2 Raf8 25. Re2 Nd5 26. Rae1 Nf4+ 27. Bxf4
Rxf4 28. Re4 Rxe4 29. Rxe4 b5 30. Nc2 a5 1/2-1/2

[Event "Quebec-ch qual. 1"]
[Site "Montreal CAN"]
[Date "2006.05.06"]
[Round "3"]
[White "Bergeron, Rene"]
[Black "Bolduc, Rene"]
[Result "1-0"]
[WhiteElo "1246"]
[BlackElo "1466"]
[PlyCount "63"]
[EventDate "2006.05.05"]
[EventType "swiss"]
[EventRounds "5"]
[EventCountry "CAN"]

1. e4 e6 2. d4 d5 3. e5 c5 4. c3 Qb6 5. Nf3 Nc6 6. Be2 cxd4 7. cxd4 f6 8. O-O
Bd7 9. Nc3 fxe5 10. Nxe5 Nxe5 11. dxe5 Bc5 12. Na4 Bxa4 13. Qxa4+ Kf8 14. Qf4+
Ke8 15. Be3 d4 16. Bd2 Be7 17. a4 Nh6 18. Bb5+ Kd8 19. Qg3 Nf5 20. Qh3 Rc8 21.
Rac1 Rc5 22. Bb4 Rxe5 23. Bxe7+ Kxe7 24. Rc2 Rc5 25. Qa3 Rhc8 26. Rfc1 Kd6 27.
Bd3 Nh4 28. Re1 Kd7 29. Rce2 Rg5 30. Bb5+ Kc7 31. Qe7+ Kb8 32. Qxg5 1-0

[Event "Quebec-ch qual. 1"]
[Site "Montreal CAN"]
[Date "2006.05.06"]
[Round "3"]
[White "Gilbert, Erick"]
[Black "Laurain, Guy"]
[Result "0-1"]
[WhiteElo "1854"]
[BlackElo "2138"]
[PlyCount "72"]
[EventDate "2006.05.05"]
[EventType "swiss"]
[EventRounds "5"]
[EventCountry "CAN"]

1. Nf3 Nf6 2. c4 d6 3. Nc3 g6 4. e3 Bg7 5. Be2 O-O 6. O-O e5 7. e4 Re8 8. d3 c6
9. Bg5 h6 10. Bd2 Nbd7 11. b4 Nf8 12. Qc1 Kh7 13. Bd1 Ne6 14. Ne2 Bd7 15. a4
Nh5 16. g4 Nhf4 17. Nxf4 Nxf4 18. d4 Nh3+ 19. Kg2 Bxg4 20. Nxe5 Bxd1 21. Kxh3
dxe5 22. Qxd1 exd4 23. Qf3 Qd7+ 24. Kg2 Qe6 25. Rfe1 Qxc4 26. Rac1 Qe6 27. b5
Rac8 28. bxc6 Rxc6 29. Rxc6 bxc6 30. Bb4 Kg8 31. Qd3 Rb8 32. Bc5 Rb3 33. Qd1
Rb7 34. f3 Qe5 35. Qc1 d3 36. Ba3 Rb3 0-1

[Event "Quebec-ch qual. 1"]
[Site "Montreal CAN"]
[Date "2006.05.06"]
[Round "3"]
[White "Goldner, John"]
[Black "Briere, Patrice"]
[Result "1-0"]
[WhiteElo "1763"]
[BlackElo "1187"]
[PlyCount "40"]
[EventDate "2006.05.05"]
[EventType "swiss"]
[EventRounds "5"]
[EventCountry "CAN"]

1. e4 c5 2. Nf3 d6 3. d4 cxd4 4. Nxd4 Nf6 5. Nc3 a6 6. Bc4 e6 7. Bb3 Be7 8. g4
b5 9. g5 Ng8 10. Rg1 Bb7 11. Bxe6 fxe6 12. Nxe6 Qa5 13. Nxg7+ Kd7 14. Qg4+ Kd8
15. Ne6+ Kc8 16. Be3 Nc6 17. O-O-O h5 18. gxh6 Nxh6 19. Bxh6 Rxh6 20. Qg8+ Kd7
1-0

[Event "Quebec-ch qual. 1"]
[Site "Montreal CAN"]
[Date "2006.05.06"]
[Round "3"]
[White "Le Duin, Thierry"]
[Black "Hajiyev, Elshad"]
[Result "0-1"]
[WhiteElo "2132"]
[BlackElo "2047"]
[PlyCount "84"]
[EventDate "2006.05.05"]
[EventType "swiss"]
[EventRounds "5"]
[EventCountry "CAN"]

1. d4 d5 2. Nf3 e6 3. c3 f5 4. Bf4 Nf6 5. e3 Bd6 6. Nbd2 O-O 7. Bd3 Bd7 8. O-O
Be8 9. c4 c6 10. c5 Bc7 11. b4 Bh5 12. Qc2 Ne4 13. Bxc7 Qxc7 14. Ne5 g5 15. f3
Nf6 16. e4 f4 17. a3 Nbd7 18. Nxd7 Qxd7 19. e5 Ne8 20. a4 Qg7 21. h3 Bg6 22.
Bxg6 Qxg6 23. Qxg6+ hxg6 24. Nb1 Ng7 25. Na3 Nf5 26. Nc2 Rf7 27. Kf2 Rc7 28.
Rfb1 Rb8 29. b5 b6 30. bxc6 Rxc6 31. Nb4 Rcc8 32. Na6 Ra8 33. cxb6 axb6 34.
Rxb6 Rc2+ 35. Kg1 Nxd4 36. Rb8+ Rxb8 37. Nxb8 Ne2+ 38. Kf1 Ng3+ 39. Kg1 d4 40.
a5 d3 41. Rd1 d2 42. Kf2 Rc1 0-1

[Event "Quebec-ch qual. 1"]
[Site "Montreal CAN"]
[Date "2006.05.06"]
[Round "3"]
[White "Roy, Myriam"]
[Black "Bouchard, Jean-Marc"]
[Result "1-0"]
[WhiteElo "1668"]
[BlackElo "1917"]
[PlyCount "55"]
[EventDate "2006.05.05"]
[EventType "swiss"]
[EventRounds "5"]
[EventCountry "CAN"]

1. e4 e6 2. d4 d5 3. Nc3 Nf6 4. Bg5 Be7 5. e5 Nfd7 6. Bxe7 Qxe7 7. f4 a6 8. Nf3
c5 9. Qd2 Nc6 10. Be2 O-O 11. O-O-O cxd4 12. Nxd4 Nxd4 13. Qxd4 Qc5 14. Qxc5
Nxc5 15. Bf3 b5 16. Ne2 Bb7 17. Nd4 Rac8 18. Kb1 Rfd8 19. f5 b4 20. fxe6 fxe6
21. Rhf1 Rc7 22. Bg4 Bc8 23. Rf4 Rf8 24. Rdf1 Rxf4 25. Rxf4 Rf7 26. Rxf7 Kxf7
27. Nc6 Kg6 28. h4 1-0

[Event "Quebec-ch qual. 1"]
[Site "Montreal CAN"]
[Date "2006.05.06"]
[Round "3"]
[White "Sullivan, Neil"]
[Black "Sicotte, Marc"]
[Result "1/2-1/2"]
[WhiteElo "2066"]
[BlackElo "1960"]
[PlyCount "43"]
[EventDate "2006.05.05"]
[EventType "swiss"]
[EventRounds "5"]
[EventCountry "CAN"]

1. Nf3 Nf6 2. b4 e6 3. a3 b6 4. d4 d5 5. Bb2 Bb7 6. e3 Be7 7. Nbd2 O-O 8. Bd3
c5 9. bxc5 bxc5 10. c4 cxd4 11. exd4 dxc4 12. Nxc4 Nc6 13. O-O Qd5 14. Ne3 Qh5
15. Ne5 Qxd1 16. Rfxd1 Rab8 17. Rab1 Rfd8 18. Bc3 Kf8 19. Rxb7 Rxb7 20. Nxc6
Rc8 21. Na5 Rbb8 22. Be1 1/2-1/2

[Event "Quebec-ch qual. 1"]
[Site "Montreal CAN"]
[Date "2006.05.07"]
[Round "4"]
[White "Bekteshi, Muhamet"]
[Black "Sullivan, Neil"]
[Result "0-1"]
[WhiteElo "2066"]
[BlackElo "2066"]
[PlyCount "122"]
[EventDate "2006.05.05"]
[EventType "swiss"]
[EventRounds "5"]
[EventCountry "CAN"]

1. d4 d5 2. Nf3 Nf6 3. c4 e6 4. Bg5 h6 5. Bh4 Be7 6. Nc3 Nbd7 7. e3 O-O 8. Bd3
b6 9. cxd5 Nxd5 10. Bxe7 Nxe7 11. O-O c5 12. Rc1 Bb7 13. Bb1 cxd4 14. Nxd4 Nf6
15. Qb3 Ned5 16. Rfd1 Nxc3 17. Rxc3 Qd5 18. Qxd5 Nxd5 19. Rcc1 Rfd8 20. Be4
Nxe3 21. Bxb7 Nxd1 22. Rxd1 Rab8 23. Bf3 Rbc8 24. Nb3 a5 25. Rxd8+ Rxd8 26. a4
Rd3 27. Nc1 Rd2 28. Kf1 Rxb2 29. Nd3 Rb1+ 30. Ke2 b5 31. Bc6 bxa4 32. Bxa4 Ra1
33. Nc5 Rc1 34. Nd3 Ra1 35. Nc5 Kf8 36. Kd2 Ke7 37. Bc2 Kd6 38. Nb3 Rg1 39. g3
a4 40. Nc1 a3 41. Bb3 f5 42. h4 e5 43. Bd1 e4 44. Be2 Kc5 45. Bd1 g5 46. hxg5
hxg5 47. Bc2 Kb4 48. Bd1 Rg2 49. Na2+ Kc4 50. Ke3 Rg1 51. Bh5 Re1+ 52. Kd2 Rb1
53. Bf7+ Kd4 54. Ke2 f4 55. gxf4 gxf4 56. Bg8 f3+ 57. Kd2 Rb2+ 58. Ke1 e3 59.
fxe3+ Kxe3 60. Nc3 Rg2 61. Nd1+ Ke4 0-1

[Event "Quebec-ch qual. 1"]
[Site "Montreal CAN"]
[Date "2006.05.07"]
[Round "4"]
[White "Gilbert, Erick"]
[Black "Le Duin, Thierry"]
[Result "1/2-1/2"]
[WhiteElo "1854"]
[BlackElo "2132"]
[PlyCount "137"]
[EventDate "2006.05.05"]
[EventType "swiss"]
[EventRounds "5"]
[EventCountry "CAN"]

1. Nf3 Nf6 2. g3 Nc6 3. Bg2 e5 4. d3 d5 5. O-O Be7 6. c4 O-O 7. Bg5 dxc4 8.
dxc4 Be6 9. Nbd2 h6 10. Bxf6 Bxf6 11. Rc1 Bf5 12. e4 Bg4 13. Nb3 a5 14. Nc5 b6
15. Na4 Qe8 16. Nc3 Bg5 17. Nd5 Rc8 18. Qa4 Bxf3 19. Bxf3 Nd4 20. Qa3 Nxf3+ 21.
Qxf3 Bxc1 22. Rxc1 Qd8 23. Qf5 Re8 24. Rd1 c6 25. Ne3 Qg5 26. Rd7 Qxf5 27. Nxf5
Rcd8 28. Rc7 c5 29. Ne7+ Kf8 30. Nd5 Rb8 31. a4 Re6 32. Kg2 g6 33. g4 f6 34.
Rh7 Kg8 35. Rxh6 Kg7 36. Rh3 Rf8 37. Rf3 Rf7 38. h3 Re8 39. Rb3 Rb8 40. Rb5 f5
41. f3 fxg4 42. fxg4 Kh6 43. h4 Rbf8 44. Rb3 Rf2+ 45. Kg3 Rc2 46. Rxb6 Rxc4 47.
Rb7 g5 48. h5 Rxe4 49. Ne7 Re3+ 50. Kg2 Re2+ 51. Kg3 Re3+ 52. Kg2 Ref3 53. Ng8+
Rxg8 54. Kxf3 Rf8+ 55. Kg3 Rf4 56. Rb5 Rxa4 57. Rxc5 e4 58. Re5 Ra2 59. Rxe4
Rxb2 60. Ra4 Rb5 61. Kf3 Kg7 62. Ke4 Kf6 63. Rd4 Ke6 64. Ra4 Kf6 65. Kd4 Re5
66. Kc3 Re3+ 67. Kd4 Re5 68. Rc4 Rb5 69. Ra4 1/2-1/2

[Event "Quebec-ch qual. 1"]
[Site "Montreal CAN"]
[Date "2006.05.07"]
[Round "4"]
[White "Giroux, Robert"]
[Black "Roy, Myriam"]
[Result "1/2-1/2"]
[WhiteElo "1784"]
[BlackElo "1668"]
[PlyCount "87"]
[EventDate "2006.05.05"]
[EventType "swiss"]
[EventRounds "5"]
[EventCountry "CAN"]

1. d4 d5 2. c4 e6 3. Nc3 Nf6 4. cxd5 exd5 5. Bg5 c6 6. e3 Bf5 7. Qf3 Bg6 8.
Bxf6 gxf6 9. h4 h5 10. Nh3 Qb6 11. Qe2 Nd7 12. Nf4 O-O-O 13. Nxg6 fxg6 14.
O-O-O Bb4 15. Qc2 Qa5 16. Kb1 f5 17. Ne2 Bd6 18. g3 Nf6 19. Nc1 Rhe8 20. Nb3
Qc7 21. Rc1 Kb8 22. Bd3 Ne4 23. Bxe4 fxe4 24. Rcf1 Rf8 25. Nc1 Qe7 26. Ne2 g5
27. hxg5 Qxg5 28. Nf4 Bxf4 29. gxf4 Qf5 30. Qe2 Rh8 31. Rfg1 h4 32. Rg5 Qf6 33.
Qg4 Qh6 34. Rg6 Qh5 35. Rg5 Qh6 36. Qh3 Rdg8 37. Qxh4 Qxh4 38. Rxh4 Rxh4 39.
Rxg8+ Kc7 40. Rg7+ Kb6 41. Rg2 a5 42. a4 Ka6 43. f5 Rh5 44. Kc2 1/2-1/2

[Event "Quebec-ch qual. 1"]
[Site "Montreal CAN"]
[Date "2006.05.07"]
[Round "4"]
[White "Hajiyev, Elshad"]
[Black "Sicotte, Marc"]
[Result "0-1"]
[WhiteElo "2047"]
[BlackElo "1960"]
[PlyCount "78"]
[EventDate "2006.05.05"]
[EventType "swiss"]
[EventRounds "5"]
[EventCountry "CAN"]

1. d4 Nf6 2. Nf3 e6 3. e3 b6 4. c4 Bb7 5. Nc3 Bb4 6. Bd2 O-O 7. Bd3 d5 8. cxd5
exd5 9. O-O Nbd7 10. Rc1 a6 11. a3 Bd6 12. b4 c5 13. Na4 c4 14. Bf5 Bc6 15. Nc3
Re8 16. Rb1 b5 17. Re1 Nb6 18. h4 Bd7 19. e4 Bxf5 20. exf5 Ne4 21. Nxe4 dxe4
22. Ng5 h6 23. Qh5 hxg5 24. hxg5 Nd5 25. g3 Qd7 26. g4 Bf4 27. Bxf4 Nxf4 28.
Qh2 Nd5 29. Re3 Qc7 30. Qh4 Qf4 31. Rh3 Kf8 32. g6 fxg6 33. Qh8+ Kf7 34. fxg6+
Kf6 35. Qh4+ Ke6 36. Re1 Rh8 37. Qg3 Qxg3+ 38. Rxg3 Kd6 39. Rxe4 Rae8 0-1

[Event "Quebec-ch qual. 1"]
[Site "Montreal CAN"]
[Date "2006.05.07"]
[Round "4"]
[White "Solar, Dariusz"]
[Black "Samson, Gaetan"]
[Result "0-1"]
[WhiteElo "1783"]
[BlackElo "1905"]
[PlyCount "45"]
[EventDate "2006.05.05"]
[EventType "swiss"]
[EventRounds "5"]
[EventCountry "CAN"]

1. e4 c5 2. Nf3 d6 3. d4 cxd4 4. Qxd4 Nc6 5. Bb5 Bd7 6. Bxc6 Bxc6 7. Nc3 Nf6 8.
Bg5 h6 9. Bxf6 gxf6 10. O-O-O Rg8 11. a3 f5 12. Rhe1 Bg7 13. Qd3 Bxc3 14. Qxc3
Bxe4 15. Nd4 e5 16. Nb5 Kf8 17. Nxd6 Qg5+ 18. Kb1 f6 19. Nxe4 fxe4 20. Rxe4 Qh5
21. Rd7 Rg7 22. Qc5+ Ke8 23. Rd1 0-1

[Event "Quebec-ch qual. 1"]
[Site "Montreal CAN"]
[Date "2006.05.07"]
[Round "4"]
[White "Tremblay, Alain"]
[Black "Bergeron, Rene"]
[Result "0-1"]
[WhiteElo "2103"]
[BlackElo "1246"]
[PlyCount "120"]
[EventDate "2006.05.05"]
[EventType "swiss"]
[EventRounds "5"]
[EventCountry "CAN"]

1. d4 Nf6 2. Bg5 e6 3. e4 Be7 4. Bxf6 Bxf6 5. e5 Be7 6. Qg4 g6 7. h4 h5 8. Qf4
b6 9. Bd3 Bb7 10. Nf3 Nc6 11. a3 d6 12. Nc3 Qd7 13. Ne4 O-O-O 14. Nf6 Bxf6 15.
Qxf6 dxe5 16. dxe5 Rhf8 17. O-O-O Qe7 18. Qf4 Qc5 19. Qa4 Kb8 20. Be4 Nxe5 21.
Bxb7 Kxb7 22. Qe4+ Nc6 23. Kb1 Kb8 24. c4 Qf5 25. Ng5 Na5 26. Qxf5 exf5 27.
Rxd8+ Rxd8 28. Nxf7 Rd2 29. Ne5 Rxf2 30. b4 Nb3 31. Rd1 Nd2+ 32. Kc1 Nb3+ 33.
Kb1 Kc8 34. b5 Rxg2 35. Nc6 Rd2 36. Re1 Kd7 37. Re3 Na5 38. Ne5+ Kd6 39. Nxg6
Nxc4 40. Rf3 Rd5 41. Rc3 Rxb5+ 42. Kc2 Rc5 43. Rd3+ Rd5 44. Rg3 Rd4 45. Kc3 Re4
46. Rg5 Ne5 47. Nxe5 Rxe5 48. Rxh5 f4 49. Rh6+ Re6 50. Rh5 Rf6 51. Kd2 c5 52.
Ke2 c4 53. Rh8 f3+ 54. Kf2 Ke6 55. Rc8 b5 56. h5 a6 57. h6 Rf7 58. Rc6+ Kd5 59.
Rxa6 c3 60. Ra8 Kc4 0-1

[Event "Quebec-ch qual. 1"]
[Site "Montreal CAN"]
[Date "2006.05.07"]
[Round "5"]
[White "Bergeron, Rene"]
[Black "Bekteshi, Muhamet"]
[Result "1/2-1/2"]
[WhiteElo "1246"]
[BlackElo "2066"]
[PlyCount "31"]
[EventDate "2006.05.05"]
[EventType "swiss"]
[EventRounds "5"]
[EventCountry "CAN"]

1. e4 c6 2. Nf3 d5 3. e5 Bf5 4. c3 e6 5. d4 Nd7 6. Bd3 Bxd3 7. Qxd3 Ne7 8. Bg5
h6 9. Bh4 Qc7 10. Nbd2 Nf5 11. Bg3 Be7 12. h3 Nxg3 13. fxg3 O-O 14. O-O-O c5
15. Rhe1 c4 16. Qc2 1/2-1/2

[Event "Quebec-ch qual. 1"]
[Site "Montreal CAN"]
[Date "2006.05.07"]
[Round "5"]
[White "Cloutier, Mathieu"]
[Black "Giroux, Robert"]
[Result "1-0"]
[WhiteElo "2043"]
[BlackElo "1784"]
[PlyCount "53"]
[EventDate "2006.05.05"]
[EventType "swiss"]
[EventRounds "5"]
[EventCountry "CAN"]

1. e4 c5 2. Nc3 Nc6 3. g3 d6 4. Bg2 g6 5. Nge2 e5 6. O-O Bg7 7. d3 Nge7 8. Be3
O-O 9. Qd2 Nd4 10. Rae1 Bh3 11. Nxd4 Bxg2 12. Ne6 fxe6 13. Kxg2 Qd7 14. Bh6 Rf7
15. h4 Raf8 16. h5 gxh5 17. Qg5 Ng6 18. Qxh5 Bxh6 19. Qxh6 Rg7 20. Rh1 Qf7 21.
Qe3 Nf4+ 22. Kf1 Qg6 23. gxf4 Qg2+ 24. Ke2 exf4 25. Qf3 Rg3 26. Qxg2 Rxg2 27.
Kf3 1-0

[Event "Quebec-ch qual. 1"]
[Site "Montreal CAN"]
[Date "2006.05.07"]
[Round "5"]
[White "Dugas, Hugues"]
[Black "Tremblay, Alain"]
[Result "0-1"]
[WhiteElo "1559"]
[BlackElo "2103"]
[PlyCount "85"]
[EventDate "2006.05.05"]
[EventType "swiss"]
[EventRounds "5"]
[EventCountry "CAN"]

1. c4 Nf6 2. Nf3 c6 3. Nc3 d5 4. e3 a6 5. cxd5 cxd5 6. Ne5 Qc7 7. Nxd5 Nxd5 8.
Nxf7 Kxf7 9. Qh5+ g6 10. Qxd5+ Be6 11. Qf3+ Ke8 12. Qe4 Qc6 13. Qxc6+ Nxc6 14.
a3 Rc8 15. Be2 Na5 16. O-O Nb3 17. Rb1 Bg7 18. d4 Bf5 19. Bd1 Bxb1 20. Bxb3 Bd3
21. Re1 Bc4 22. Bd1 Kd7 23. b3 Bd3 24. Bb2 Bc2 25. e4 Bxd1 26. Rxd1 Rc2 27. Bc1
Rhc8 28. Be3 R8c3 29. e5 Rxb3 30. g3 Rcb2 31. Re1 Rb1 32. Rxb1 Rxb1+ 33. Kg2
Kc6 34. Kf3 Rb3 35. Ke4 e6 36. g4 b5 37. f4 Rxe3+ 38. Kxe3 Kd5 39. Kd3 a5 40.
h4 Bh6 41. f5 exf5 42. e6 Kxe6 43. gxf5+ 0-1

[Event "Quebec-ch qual. 1"]
[Site "Montreal CAN"]
[Date "2006.05.07"]
[Round "5"]
[White "Malveau, Cedric"]
[Black "Roy, Myriam"]
[Result "1/2-1/2"]
[WhiteElo "2060"]
[BlackElo "1668"]
[PlyCount "33"]
[EventDate "2006.05.05"]
[EventType "swiss"]
[EventRounds "5"]
[EventCountry "CAN"]

1. e4 c5 2. Nc3 Nc6 3. g3 g6 4. Bg2 Bg7 5. d3 d6 6. Be3 Rb8 7. Qd2 e6 8. f4
Nge7 9. Nf3 Nd4 10. O-O O-O 11. Nd1 Nec6 12. Ne1 f5 13. c3 Nb5 14. exf5 Rxf5
15. Nc2 e5 16. Nf2 exf4 17. Bxf4 1/2-1/2

[Event "Quebec-ch qual. 1"]
[Site "Montreal CAN"]
[Date "2006.05.07"]
[Round "5"]
[White "Sicotte, Marc"]
[Black "Samson, Gaetan"]
[Result "1-0"]
[WhiteElo "1960"]
[BlackElo "1905"]
[PlyCount "42"]
[EventDate "2006.05.05"]
[EventType "swiss"]
[EventRounds "5"]
[EventCountry "CAN"]

1. d4 Nf6 2. c4 g6 3. Nc3 Bg7 4. e4 O-O 5. Nf3 d6 6. Be2 Nc6 7. O-O e5 8. d5
Ne7 9. Ne1 Nd7 10. Nd3 f5 11. Bd2 Nf6 12. f3 f4 13. g4 fxg3 14. hxg3 Nh5 15.
Kg2 Rf7 16. f4 exf4 17. Bxh5 gxh5 18. Qxh5 Ng6 19. Bxf4 Qe8 20. Rae1 Bd7 21.
Rh1 Rxf4 1-0

[Event "Quebec-ch qual. 1"]
[Site "Montreal CAN"]
[Date "2006.05.07"]
[Round "5"]
[White "Sullivan, Neil"]
[Black "Laurain, Guy"]
[Result "1/2-1/2"]
[WhiteElo "2066"]
[BlackElo "2138"]
[PlyCount "42"]
[EventDate "2006.05.05"]
[EventType "swiss"]
[EventRounds "5"]
[EventCountry "CAN"]

1. e4 c5 2. Nc3 Nc6 3. g3 g6 4. Bg2 Bg7 5. d3 d6 6. Be3 Bd7 7. Qd2 Rb8 8. Nge2
b5 9. O-O b4 10. Nd1 Nf6 11. Bh6 O-O 12. Bxg7 Kxg7 13. f4 e6 14. f5 e5 15. Ne3
Ne7 16. g4 h6 17. h4 Nh7 18. Ng3 Ng8 19. h5 g5 20. a3 b3 21. c3 Nhf6 1/2-1/2

[Event "Quebec-ch qual. 1 playoff"]
[Site "Montreal CAN"]
[Date "2006.05.10"]
[Round "1"]
[White "Sullivan, Neil"]
[Black "Goldner, John"]
[Result "1-0"]
[WhiteElo "2066"]
[BlackElo "1763"]
[PlyCount "79"]
[EventDate "2006.05.10"]
[EventType "match"]
[EventRounds "2"]
[EventCountry "CAN"]

1. Nf3 d5 2. c4 d4 3. b4 Bf5 4. Bb2 d3 5. Qb3 dxe2 6. Bxe2 e6 7. O-O Nf6 8. Nd4
Bxb1 9. Raxb1 c5 10. bxc5 Bxc5 11. Qxb7 Bxd4 12. Bxd4 Nbd7 13. c5 O-O 14. c6
Nb6 15. Bxf6 gxf6 16. c7 Qd6 17. Bf3 Rfc8 18. Rfc1 Kg7 19. Qa6 Rxc7 20. Bxa8
Rxc1+ 21. Rxc1 Qxd2 22. Rf1 Nxa8 23. Qxa7 Qd8 24. a4 Nb6 25. h3 f5 26. a5 Nd5
27. Qd4+ Kg6 28. a6 Qa8 29. a7 f6 30. Ra1 Kg5 31. Qd3 Kh6 32. Qd4 Kg6 33. g3
Ne7 34. Qd6 Nc6 35. Qxc6 Qxc6 36. a8=Q Qb6 37. Ra7 f4 38. g4 f5 39. Qg8+ Kf6
40. Qg7# 1-0

[Event "Quebec-ch qual. 1 playoff"]
[Site "Montreal CAN"]
[Date "2006.05.13"]
[Round "2"]
[White "Goldner, John"]
[Black "Sullivan, Neil"]
[Result "0-1"]
[WhiteElo "1763"]
[BlackElo "2066"]
[PlyCount "98"]
[EventDate "2006.05.10"]
[EventType "match"]
[EventRounds "2"]
[EventCountry "CAN"]

1. e4 c5 2. Nf3 Nc6 3. d4 cxd4 4. Nxd4 g6 5. Nc3 Bg7 6. Be3 Nf6 7. Be2 O-O 8.
f4 Qb6 9. e5 Ne8 10. Qd2 d6 11. Nd5 Qd8 12. O-O-O Nxd4 13. Bxd4 Be6 14. Nc3 Qa5
15. exd6 Nxd6 16. Bxg7 Kxg7 17. Kb1 Rac8 18. Qd4+ Kg8 19. a3 Rfd8 20. Nd5 Nf5
21. Qb4 Rxd5 22. Qxb7 Ne3 23. Rxd5 Qxd5 24. Qxd5 Bxd5 25. Bd3 Nxg2 26. Rf1 Kf8
27. b3 Ne3 28. Re1 Ng4 29. Re2 Rd8 30. h3 Nf6 31. Kb2 h5 32. Re3 Bc6 33. c4 Rd4
34. b4 Ke8 35. b5 Be4 36. Be2 Ba8 37. c5 Nd5 38. Re5 e6 39. Bf3 Kd7 40. Bxd5
Rxd5 41. c6+ Kd6 42. Kc3 Rxe5 43. fxe5+ Kxe5 44. a4 Kd5 45. Kb4 Bxc6 46. bxc6
Kxc6 47. Kc4 e5 48. Kd3 f5 49. h4 Kc5 0-1

[Event "Quebec-ch qual. 2"]
[Site "Montreal CAN"]
[Date "2006.05.19"]
[Round "1"]
[White "Arsenault, Nicolas"]
[Black "Kieu, Marc-Andre"]
[Result "1-0"]
[WhiteElo "2073"]
[BlackElo "1700"]
[PlyCount "125"]
[EventDate "2006.05.19"]
[EventType "swiss"]
[EventRounds "5"]
[EventCountry "CAN"]

1. e4 e5 2. Nf3 Nc6 3. Nc3 Nf6 4. g3 d6 5. Bg2 Be7 6. h3 h6 7. O-O Be6 8. d4
exd4 9. Nxd4 Nxd4 10. Qxd4 Qd7 11. Kh2 c5 12. Qd3 Nh7 13. Be3 f6 14. Rad1 a6
15. Nd5 Rd8 16. f4 O-O 17. f5 Bf7 18. c4 Rfe8 19. b3 Kh8 20. Nf4 Nf8 21. Bf3
Qc7 22. Bh5 Bxh5 23. Nxh5 Nd7 24. Nf4 Ne5 25. Qc2 Bf8 26. Ne6 Rxe6 27. fxe6 Qe7
28. Qf2 Re8 29. Bf4 Qxe6 30. Bxe5 Qxe5 31. Rfe1 Kg8 32. Qd2 b6 33. Kg2 Kf7 34.
Qd5+ Qxd5 35. Rxd5 a5 36. Kf3 Re6 37. a3 g6 38. Rb1 g5 39. b4 axb4 40. axb4 Be7
41. b5 Bd8 42. Ra1 Bc7 43. Ra7 Re7 44. Rd1 Ke6 45. Ra8 Rg7 46. Rh8 Kd7 47. Rxh6
Rf7 48. g4 Rf8 49. Ra1 Rf7 50. Ra8 Bd8 51. Rh8 Bc7 52. Raf8 Rxf8 53. Rxf8 Bd8
54. Rh8 Be7 55. Ke3 Bd8 56. h4 gxh4 57. Rxh4 Be7 58. Rh8 Bd8 59. Kf4 Be7 60.
Kf5 Bd8 61. Rxd8+ Kxd8 62. Kxf6 Kd7 63. Kf7 1-0

[Event "Quebec-ch qual. 2"]
[Site "Montreal CAN"]
[Date "2006.05.19"]
[Round "1"]
[White "Briere, Patrice"]
[Black "O'Connor, Michael"]
[Result "0-1"]
[WhiteElo "1233"]
[BlackElo "1826"]
[PlyCount "32"]
[EventDate "2006.05.19"]
[EventType "swiss"]
[EventRounds "5"]
[EventCountry "CAN"]

1. e4 c5 2. Nf3 Nc6 3. d4 cxd4 4. Nxd4 Nf6 5. Be3 Nxe4 6. Nxc6 bxc6 7. Bd3 Qa5+
8. c3 Nc5 9. Bc2 Qb5 10. b4 Ne6 11. Bd3 Qd5 12. O-O a5 13. c4 Qe5 14. Nd2 axb4
15. Bb6 c5 16. Ne4 Ra6 0-1

[Event "Quebec-ch qual. 2"]
[Site "Montreal CAN"]
[Date "2006.05.19"]
[Round "1"]
[White "Chesnut, Walter"]
[Black "Morissette, Jean"]
[Result "0-1"]
[WhiteElo "1420"]
[BlackElo "1980"]
[PlyCount "90"]
[EventDate "2006.05.19"]
[EventType "swiss"]
[EventRounds "5"]
[EventCountry "CAN"]

1. d4 d5 2. c4 e6 3. Nc3 Be7 4. Nf3 Nf6 5. Bg5 O-O 6. e3 h6 7. Bh4 b6 8. cxd5
exd5 9. Bd3 Bb7 10. Ne5 Nbd7 11. f4 Ne4 12. Bxe7 Qxe7 13. Qf3 Ndf6 14. Bxe4
Nxe4 15. Nxe4 dxe4 16. Qe2 a5 17. Qc2 c5 18. dxc5 Rac8 19. c6 Qb4+ 20. Kf2 f6
21. Qc4+ Qxc4 22. Nxc4 Rxc6 23. b3 a4 24. Rac1 Rfc8 25. Ra1 Ba6 26. Kg3 b5 27.
Nd2 f5 28. Rhd1 Rc2 29. Nf1 R8c6 30. Rd2 Rxd2 31. Nxd2 Rc2 32. Nf1 a3 33. h4 b4
34. Nh2 Bd3 35. Kh3 Re2 36. Nf1 Rb2 37. Ng3 g6 38. Rc1 Bc2 39. h5 Kg7 40. hxg6
Kxg6 41. Ne2 Bxb3 42. Rc6+ Kf7 43. axb3 Rxe2 44. Rxh6 Rxe3+ 45. Kh4 Rxb3 0-1